[Event "RUS-ch"]
[Site "Elista"]
[Date "1994.??.??"]
[Round "1"]
[White "Sokolov, Andrei"]
[Black "Arkhipov, Sergey"]
[Result "1/2-1/2"]
[WhiteElo "2580"]
[BlackElo "2495"]
[Annotator "Arkhipov,S"]
[PlyCount "44"]
[EventDate "1994.09.??"]
[EventType "swiss"]
[EventRounds "11"]
[EventCountry "RUS"]
[SourceTitle "CBM 044"]
[Source "ChessBase"]
[SourceDate "1995.02.01"]
[SourceVersion "1"]
[SourceVersionDate "1995.02.01"]
[SourceQuality "1"]

1. e4 e5 2. Nf3 Nc6 3. Bc4 Nf6 4. d3 h6 5. O-O d6 6. Re1 $6 (6. c3) 6... Na5 $1
(6... g6 $2 7. d4 exd4 8. Nxd4 Bg7 9. Nxc6 bxc6 10. e5 $16) 7. Bb5+ c6 8. Ba4
b5 9. Bb3 Be7 (9... c5 $1 10. Bd2 (10. c3 Nxb3 11. axb3 Be7 12. d4 Qc7 13. Na3
Rb8 $13) 10... Be7 11. Bxa5 Qxa5 12. a4 b4 13. Nbd2 O-O 14. Nc4 Qd8 15. Ne3 Nh7
$13) 10. d4 Qc7 11. Bd2 $1 Nd7 12. a4 (12. Bxa5 Qxa5 13. a4 b4 14. Nbd2 O-O 15.
Nc4 Qc7 $13) 12... Nxb3 13. cxb3 bxa4 $1 (13... Rb8 $6 14. axb5 cxb5 15. Nc3
$16) 14. Rxa4 O-O 15. Ba5 Qb7 16. Nbd2 c5 $1 $8 (16... Re8 $2 17. Nc4 Bf8 18.
Rb4 Qa6 19. Bc7 d5 20. Ra4 $16) 17. dxe5 Nxe5 18. Nxe5 dxe5 19. Nc4 Be6 $1 $10
20. Qc2 (20. Nxe5 $4 Bxb3 $19) 20... f6 21. Ra3 Rf7 22. Rea1 Bf8 (22... Bf8 23.
Bc3 $1 Rb8 24. R1a2 Qb5 25. Qe2 $10) 1/2-1/2

[Event "GRE-chT 32nd"]
[Site "Kallithea"]
[Date "2003.07.11"]
[Round "9"]
[White "Managadze, Nikoloz"]
[Black "Atalik, Suat"]
[Result "1-0"]
[WhiteElo "2474"]
[BlackElo "2599"]
[Annotator "Atalik,S"]
[PlyCount "81"]
[EventDate "2003.07.04"]
[EventType "team-tourn"]
[EventRounds "9"]
[EventCountry "GRE"]
[SourceTitle "CBM 095 Extra"]
[Source "ChessBase"]
[SourceDate "2003.09.04"]
[SourceVersion "1"]
[SourceVersionDate "2003.09.04"]
[SourceQuality "1"]

1. e4 e5 2. Nf3 Nc6 3. Bc4 Nf6 4. d3 Be7 5. Nc3 $5 {A very positional move.}
O-O 6. a3 d6 7. h3 Na5 8. Ba2 c5 {Black should not have any problems.} 9. O-O
Be6 10. Nd5 Bxd5 11. Bxd5 {He rightfully tries to exchange Ba2 which can
easily become a bad piece after} (11. exd5 $6 b6) 11... Nxd5 12. exd5 b6 {
c5 should be supported.} (12... b5 $6 13. b4 Nb7 14. bxc5 dxc5 15. Rb1 $14) 13.
c4 Qd7 14. Be3 Rae8 15. b4 Nb7 16. bxc5 bxc5 17. Rb1 Bd8 $1 {Since the
alternatives are not that good I have decided to get my bishop out.} (17... f5
18. Bg5 e4 19. Bxe7 Rxe7 20. Ng5 Nd8 21. dxe4 h6 22. Ne6 Nxe6 23. dxe6 $14) (
17... Nd8 18. Qb3) 18. Nd2 f5 19. f3 {He has to keep the game closed.} (19. f4
$6 Bf6 $36 (19... exf4 20. Bxf4 Bf6 21. Nf3 Nd8 $36)) 19... Ba5 20. Qc2 f4 21.
Bf2 Bxd2 22. Qxd2 Nd8 ({No time to start an attack including Rf6-h6, his
attack may develop first down on b line.} 22... Rf6 $6 23. Kh2 Nd8 24. Rb8 Nf7
25. Rfb1 $40) 23. Rb8 Nf7 24. Rxe8 Rxe8 25. Rb1 g5 $5 {I felt like doing
something for my pseudo advantage. If I would have just kept the statusquo we
would have a draw.} (25... Nh6 26. Qa5 Nf5 27. Qa6 Re7 (27... Rc8 28. Rb7 Rc7
29. Rb8+ Kf7 $11) 28. Rb8+ Kf7 29. Qc6 Qc7 30. Qa8 Kg6 31. Rh8 h6 32. Qg8 Kh5
33. Qf8 Rf7 $11) 26. Kh2 h5 27. g4 hxg4 (27... fxg3+ 28. Bxg3 Rf8 29. Qe2 $13 (
29. Kg2 Qf5 (29... g4 $6 30. hxg4 hxg4 31. f4 $14) 30. Qe3 Nh8 $11)) 28. hxg4
e4 $6 {Typical me! Now things are not that easy for black.} (28... Qa4 29. Qc3
Kg7 30. Kg2 Rh8 $11) 29. dxe4 Ne5 30. Qc3 Qa4 31. Kg2 $1 (31. Rb7 Qd1 32. Kg2
Qe2 33. Rb2 Qxc4 $15) 31... Re7 $2 {This is the result of a misappreciation
for the position.} ({I did not like both of the following lines for different
reasons.} 31... Qxc4 32. Qxc4 Nxc4 33. a4 $1 $14 (33. Rb7 Nxa3 34. Rxa7 Nc4 35.
Be1 Rb8 36. Bc3 Ne3+ 37. Kh2 Rb1 38. Ra8+ Kf7 39. Ra7+ Kg8 40. Ra8+ $11 (40.
Rg7+ $6 Kf8 41. Bf6 Rf1 $40))) 32. Qb2 Kg7 33. Rh1 $1 Qxc4 34. Rh5 $1 $16 {
Black's castle collapses due to his precarious king position.} Qd3 35. Rxg5+
Kf6 $6 ({The best under the circumstances looks like} 35... Kh6 36. Rxe5 $1 (
36. Rh5+ Kg6 37. Rh3 Rh7 38. Qb8 Rxh3 39. Qxd6+ Kh7 40. Qe7+ Kg6 41. Qe6+ Kh7
$11) 36... Rxe5 37. Qb8 Qa6 38. Qf8+ Kg6 39. Qg8+ Kh6 40. Qf7 $18) 36. Rf5+ Kg7
$2 {Mistake after mistake. I had to try to create some difficulties. However I
was calculating everything wrong.} (36... Kg6 37. Rxe5 Rxe5 38. Qb8 $1 (38.
Bxc5 $2 Rxe4 $3 39. fxe4 Qxe4+ 40. Kf2 dxc5 $132) 38... Qa6 39. Qg8+ Kh6 40.
Qf7 $18 {Again the same ugly position.}) 37. Rxe5 $1 {This wins much more
beautifully than cashing an invalid pawn.} (37. Rxf4 Rf7 38. Qc1 Nxf3 $140 39.
Rxf7+ Kxf7 40. Qf4+ $18) {This obviously loses.} 37... dxe5 ({the other
recapture could give him some slight headache.} 37... Rxe5 $142 $1 38. Bxc5 Kg6
39. Bxd6 (39. Qb8 dxc5 40. Qd6+ Kf7 41. Qxe5 Qe2+ 42. Kh3 Qxf3+ 43. Kh4 Qe3 44.
d6 $18) 39... Rxe4 $5 40. fxe4 Qg3+ 41. Kf1 Qf3+ 42. Kg1 Qg3+ 43. Kf1 Qf3+ 44.
Ke1 Qxe4+ 45. Kf2 $18 (45. Qe2 Qb1+ 46. Kf2 Qb6+ 47. Kf3 Qxd6 48. Qe6+ Qxe6 49.
dxe6 Kf6 50. Kxf4 Kxe6 51. Kg5 $18)) 38. Bxc5 $18 {Now it is a piece of cake.}
Re8 39. Qb7+ Kg8 40. Qd7 ({Also} 40. g5 Qe2+ 41. Bf2 $18 {wins without any
risk.}) 40... Qd2+ 41. Kh3 1-0

[Event "Berkeley East Bay CC"]
[Site "Berkeley"]
[Date "2005.03.30"]
[Round "2"]
[White "Roussel Roozmon, Thomas"]
[Black "Atalik, Suat"]
[Result "1/2-1/2"]
[WhiteElo "2425"]
[BlackElo "2560"]
[Annotator "Atalik,S"]
[PlyCount "78"]
[EventDate "2005.03.29"]
[EventType "tourn"]
[EventRounds "10"]
[EventCountry "USA"]
[EventCategory "9"]
[SourceTitle "CBM 107"]
[Source "ChessBase"]
[SourceDate "2005.08.01"]
[SourceVersion "1"]
[SourceVersionDate "2005.08.01"]
[SourceQuality "1"]

1. e4 e5 2. Nf3 Nc6 3. Bc4 Nf6 4. d3 Be7 5. O-O O-O 6. Re1 d6 7. a4 $5 Na5 {
I rely on this natural continuation.} (7... Be6 8. Nbd2 Qd7 9. c3 Rae8 10. a5
a6 $13 {is also played.}) 8. Ba2 c5 9. c3 Nc6 ({I think it is too early for} 
9... Be6 10. Bxe6 fxe6 11. b4 cxb4 12. cxb4 Nc6 13. Qb3 Qd7 14. Nc3 $14) 10.
Nbd2 h6 $5 {Another way of reaching something similar is} (10... Be6 11. Nc4 h6
12. Ne3 $14) 11. h3 $6 {Difficult to understand what this move makes.} (11. Nc4
Be6 12. Ne3 Bxa2 13. Rxa2 d5 14. exd5 Nxd5 15. Nc4 f6 16. Nh4 Rf7 17. Qg4 Bf8
$1 {I am not particularly afraid of this type of positions unless he has some
immediate tactics.} 18. Nf5 (18. Bxh6 $2 f5 19. Nxf5 (19. Qg3 f4 20. Qg4 Nf6
21. Qg6 Nh7 $19) 19... Qf6 $19) 18... Kh8 $14) 11... Re8 12. Nc4 (12. Nf1 Bf8
13. Ng3 d5 14. exd5 Nxd5 $140 15. Qb3 $2 Be6 16. Qxb7 $2 Na5 17. Qa6 Bc8 18.
Qb5 Bd7 19. Qa6 Re6 20. Qxa5 Qxa5 21. Bxd5 Rd8 22. Bxe6 Bxe6 $19) 12... Be6 13.
Bd2 $5 {He goes for b4.} (13. Ne3 Bxa2 14. Rxa2 d5 15. exd5 Nxd5 16. Nc4 f6 17.
Nh4 Qd7 18. Qf3 Bf8 $11) 13... Nh7 $5 ({I could have played} 13... Bf8 {
with some sang froid.} 14. b4 cxb4 15. cxb4 d5 16. exd5 (16. b5 dxc4 17. bxc6
bxc6 (17... cxd3 18. Bxe6 Rxe6 19. cxb7 Rb8 20. Rb1 Qd7 21. Bc3 Rxb7 22. Rxb7
Qxb7 23. Qxd3) 18. Bxc4 Bxc4 19. dxc4 Nd7 $15) (16. Ncxe5 $2 Nxe5 17. Nxe5 dxe4
18. Bxe6 Rxe6 19. Ng4 Qxd3 $17) 16... Bxd5 17. b5 Bxf3 18. Qxf3 Nd4 19. Qd1 Qc7
20. Rc1 Bc5 $15) 14. Ne3 Bg5 $1 15. Nxg5 (15. Bxe6 fxe6 16. Nxg5 Nxg5 $13 {
is a dynamic position.}) 15... hxg5 (15... Bxa2 $6 16. Rxa2 (16. Nxh7 Be6)
16... Nxg5 17. Qg4 $36) 16. Nd5 {Passive!} (16. Bxe6 Rxe6 $13 (16... fxe6 17.
Qg4 Qf6 18. g3 Nd8 19. Nc4 Nf7 $13)) 16... Ne7 17. Nxe7+ Qxe7 18. Bxe6 Qxe6 $15
{The outcome of his unnecessary exchanges led to some position with black
having a somewhat better position.} 19. c4 $1 f6 $6 {Difficult to come up with
a plan since the position is in danger of getting locked!} ({I did not like} 
19... a5 $5 $15 {since I wanted to keep the position spmewhat more open.}) ({
I failed to appreciate} 19... f5 $142 $1 20. exf5 Qxf5 21. Qe2 Nf6 22. f3 Rad8
$1 23. a5 d5 $40) 20. b4 Nf8 21. Qg4 $1 $132 Qxg4 22. hxg4 Ne6 23. Reb1 Re7 24.
Be3 Rc8 25. g3 g6 26. Kf1 Rcc7 27. Ke2 {Draw offer.} Rh7 28. a5 Kf8 29. b5 Rcg7
30. a6 b6 31. Rh1 $11 {Deadlock!} Ke7 32. Kf3 Nd8 33. Kg2 Nf7 34. Rxh7 Rxh7 35.
Rh1 Rxh1 36. Kxh1 Ke6 (36... f5 $4 37. Bd2 $5 (37. gxf5 gxf5 38. exf5 g4 39.
Bd2 e4 40. dxe4 Ne5 41. Kg2 Nxc4 42. Bg5+ Kf7 43. f3 gxf3+ 44. Kxf3 Na3 45. g4
Nxb5 46. Bf4 $18) 37... fxe4 38. dxe4 $16) (36... d5 37. Bxc5+) (36... Kd7 37.
Kg2 Kc7 $11 (37... d5 $2 38. Bxc5 $18)) 37. Kg2 Kd7 {Now I have understood that
} (37... f5 $2 {is self dangerous.} 38. Bd2 $1 (38. gxf5+ gxf5 39. Kh3 Kf6 40.
exf5 Kxf5 41. f3 Nd8 42. g4+ Kf6 43. Kg3 Ne6 44. Kf2 Nf4 45. Bxf4 exf4 46. d4
$1 cxd4 47. Ke2 Ke6 48. Kd2 Kf6 $11) 38... fxe4 39. dxe4 $16) 38. Kf3 Nd8 39.
Ke2 Ne6 1/2-1/2

[Event "Star Palmyra op 2nd"]
[Site "Odessa"]
[Date "2004.08.10"]
[Round "6"]
[White "Sanduleac, Vasile"]
[Black "Atalik, Suat"]
[Result "0-1"]
[WhiteElo "2492"]
[BlackElo "2554"]
[Annotator "Atalik,S"]
[PlyCount "76"]
[EventDate "2004.08.04"]
[EventType "swiss"]
[EventRounds "9"]
[EventCountry "UKR"]
[SourceTitle "CBM 102"]
[Source "ChessBase"]
[SourceDate "2004.09.23"]
[SourceVersion "1"]
[SourceVersionDate "2004.09.23"]
[SourceQuality "1"]

1. e4 e5 2. Nf3 Nc6 3. Bc4 {Moldavian chess. They like closed type of
positions.} Nf6 4. d3 {He never goes for lines like 4.Ng5 or 4.d4.} (4. Ng5 d5
5. exd5 b5 (5... Na5 6. Bb5+ Bd7 (6... c6 7. dxc6 bxc6 8. Be2 h6 $13) 7. Qe2
Be7 8. Bxd7+ Qxd7 $44) 6. Bf1 Nd4 7. c3 Nxd5 $13) 4... h6 $5 {I have just
wanted not to give him his type of position. This interesting move was
championed by some Ukranians like GM Malaniuk and some other former Soviets
like GM Graf.} 5. c3 d6 6. Nbd2 $6 {Not the best.} ({There is almost only one
critical line which can threaten black by some Ruy Lopez type of setup.} 6. O-O
g6 7. d4 Qe7 8. Nbd2 Bg7 9. Re1 O-O 10. h3 Qd8 $1 11. Bb3 (11. Bb5 exd4 $5 (
11... Bd7 $2 12. Bxc6 Bxc6 13. dxe5 dxe5 14. Nxe5 Bxe4 15. Nxe4 Qxd1 16. Nxf6+
Bxf6 17. Rxd1 Bxe5 18. Bxh6) 12. cxd4 Ne7 $13) 11... Re8 12. a3 a5 13. Bc2 Bd7
14. Nf1 a4 15. Ng3 b5 16. Be3 Na5 $13 {Gavrikov-Eingorn,SSSR 1981.}) 6... g6 7.
d4 Bg7 {Now I do not need Qe7 anymore.} 8. dxe5 Nxe5 9. Nxe5 dxe5 10. O-O O-O
11. b4 $5 {The position is almost equal so I had to set up some positional
trick otherwise the equality is very nearby.} Re8 {my intention was not to go
for a bishops swap but rather Bf8 connected with a5.} 12. Qe2 a5 13. b5 $6 {
Noone should like this. Now he has some organic weaknesses in the queen's
flank.} (13. Bb2 $142 $5) 13... b6 14. Rd1 Bb7 15. f3 Qe7 16. a4 Red8 17. Ba3
Qe8 18. Nf1 (18. Nb3 Bf8 19. Bxf8 Kxf8 20. Qe3 Kg7 $15) (18. Bb3 Rd7 19. Nc4
Rad8 20. Rxd7 Rxd7 21. Rd1 Bf8 22. Bxf8 Kxf8 23. Rxd7 Nxd7 $15) 18... Bf8 $15 {
My whole plan worked like a Swiss clock so far. The little phalanx a4, b5 is
very vulnerable. Now it is more comprehensible why I did not exchange light
squared bishops.} 19. Qa2 Bxa3 20. Qxa3 {Draw offer.} Rxd1 21. Rxd1 Rd8 (21...
Qf8 22. Qxf8+ Kxf8 23. Ne3 Rc8 24. Kf2 c6 25. Ke2 Ke7 26. Rd2 cxb5 27. Bxb5
Rxc3 28. Nc4 Bc6 29. Nxb6 Bxb5+ 30. axb5 Rb3 $11 {leads nowhere.I should keep
queens not rooks.}) 22. Rxd8 Qxd8 23. Ne3 Qf8 $1 {What did I say in the last
lines? Actually since his queen is also active I may go for this exchange. In
any case I will be slightly better.} (23... Qd2 24. Nf1 Qd7 {and I do not have
a point of entry for my queen.}) 24. Qa2 (24. Qxf8+ $6 Kxf8 25. Kf2 Ke7 26. Ke2
h5 27. h4 Nd7 28. Bb3 Nc5 29. Bc2 Bc8 $17) 24... Kg7 $1 {In this position I
have made a long and unnecessary but correct calculation.} (24... Qc5 $6 25.
Bxf7+ Kg7 26. Kf2 Bxe4 27. Qc4 $1 Bc2 $2 28. Qxc5 bxc5 29. Nxc2 Kxf7 30. Ne3
Ke6 31. Ke2 $1 Nd5 32. Nxd5 Kxd5 33. Kd3 c4+ 34. Ke3 $18) 25. Kf2 Qe7 26. Ke2
h5 $1 $17 {Now he is in some paradoxal situation his king does not have a safe
place if he allows me with h5-h4 this will already be a concession.} 27. h4 $6
(27. Kf2 $142 h4 $17) 27... Nd7 28. g3 Nc5 $19 {Believe or not in my opinion
this is a lost position. Let us see the factors which makes white's game
untenable: 1) Pawn a4 needs constant protection. 2) Kingside is like a Swiss
Cheese a serious attack type of Qd7-h3 maybe organized towards that direction.
3) Black has no weaknesses whatsoever besides since white can not exchange
minor pieces in a proper way equality seems remote.} 29. Qc2 (29. Kf2 Bc8 30.
Kg1 g5 31. Nd5 Qd8 32. hxg5 Qxg5 33. Kh2 h4 34. Qg2 Qxg3+ 35. Qxg3+ hxg3+ 36.
Kxg3 Be6 $19) 29... Bc8 $1 30. Bd5 (30. Nd5 Qd7 31. Kf2 Qh3 32. Bf1 Qh2+ 33.
Bg2 Bh3 34. Ne3 g5 $1 (34... Ne6 $6 35. Qd1 Nf4 36. Qh1 Nd3+ 37. Ke2 Qxh1 38.
Bxh1 Nc5 39. Nd5 Nxa4 40. Kd2 Nb2 41. Nxc7 $13) (34... Bxg2 $5 35. Nxg2 Qh1 36.
Ne1 f5 37. exf5 e4 38. Qd1 (38. f6+ $2 Kxf6 39. Ng2 exf3 40. Kxf3 Qf1+ $19) (
38. Qd2 $2 Qh2+ 39. Ke3 Qxg3 40. Qd4+ Kh7 41. fxg6+ Kxg6 $19) 38... Nd3+ (38...
gxf5 $2 39. Qd8 $1 (39. Qd4+ $2 Kg6 40. Qd5 Nd3+ 41. Nxd3 Qxf3+ 42. Ke1 Qe3+
43. Kd1 Qxd3+ 44. Qxd3 exd3 45. Kd2 f4 46. gxf4 Kf5 $19) 39... Qh2+ 40. Kf1
Qxg3 41. Qe7+ Kg6 42. Qe8+ Kf6 43. Qxh5 $1 $132) 39. Ke2 Qh2+ 40. Ke3 Qg1+ 41.
Kd2 Nb2 42. Qe2 e3+ 43. Kc2 Qf2 $19) 35. hxg5 h4 36. gxh4 Be6 37. Kf1 Qxh4 38.
Ke2 Qxg5 $19) 30... g5 $1 {The final nail on his coffin.} 31. Ng2 $2 {This
hastens the end but anyway he is under serious attack.} (31. hxg5 Qxg5 32. Kf2
h4 33. gxh4 Qxh4+ 34. Ke2 Qh2+ 35. Kd1 Qxc2+ 36. Kxc2 Nxa4 37. Bc6 Be6 $19)
31... Bh3 32. Ke1 Bxg2 {Now the massacre starts.} (32... Qf6 33. Qd2 Nxa4 $19)
33. Qxg2 Nxa4 34. g4 (34. Qc2 Qa3 35. Kd2 gxh4 36. gxh4 Qa1) 34... Qa3 $1 {
The easiest to avoid queens exchange he has to lose the house which he did.}
35. Qe2 Qxc3+ 36. Kf1 hxg4 37. fxg4 Qh3+ 38. Ke1 gxh4 0-1

[Event "Mediterranean-ch 3rd"]
[Site "Antalya"]
[Date "2006.02.07"]
[Round "9"]
[White "Djuric, Stefan"]
[Black "Atalik, Suat"]
[Result "1/2-1/2"]
[WhiteElo "2460"]
[BlackElo "2618"]
[Annotator "Atalik,S"]
[PlyCount "88"]
[EventDate "2006.02.01"]
[EventType "swiss"]
[EventRounds "9"]
[EventCountry "TUR"]
[SourceTitle "CBM 110 Extra"]
[Source "ChessBase"]
[SourceDate "2006.03.10"]
[SourceVersion "2"]
[SourceVersionDate "2006.03.10"]
[SourceQuality "1"]

1. e4 e5 2. Nf3 Nc6 3. Bc4 Nf6 4. d3 Be7 5. O-O O-O 6. h3 d6 7. a3 Be6 8. Bxe6
fxe6 9. b4 Qd7 10. Be3 $5 b5 $1 11. a4 a6 12. c3 d5 13. Qc2 Rad8 14. Nbd2 $5 {
he just gives a pawn like that.} (14. Rc1 Bd6 15. Nbd2 d4 16. axb5 axb5 17.
cxd4 exd4 18. Nxd4 Nxd4 19. Bxd4 Bf4 20. Bc5 Bxd2 21. Qxd2 Nxe4 22. Qe3 Nxc5
23. Rxc5 Qxd3 24. Qxe6+ $11) 14... d4 15. cxd4 exd4 16. Bg5 Nxb4 17. Qb3 c5 18.
axb5 axb5 19. Ne5 Qd6 20. Ndf3 $1 (20. f4 $2 Nh5 21. Bxe7 Qxe7 22. f5 Rde8 $17)
20... Nd7 {I wanted to play actively around this position.} 21. Bxe7 (21. Nxd7
Qxd7 22. Bd2 Nc6 23. Qxb5 Rxf3 $1 (23... Ne5 24. Qxd7 Nxf3+ 25. gxf3 Rxd7 $15)
24. gxf3 Ne5 25. Qxd7 Rxd7 26. Kg2 Nxd3 $17) 21... Qxe7 22. Ra7 Qd6 23. Nxd7
Rxd7 24. Ra5 h6 $5 {I was relying on the coming exchange sac a little bit too
much.} 25. Rxb5 Rxf3 26. gxf3 Rf7 27. Kg2 $1 (27. Qd1 Na2) 27... Rf6 (27... Qf4
28. Qd1 $1 (28. Qxe6 $2 Nxd3 (28... Qxf3+ 29. Kh2 Nxd3 30. Rb7 $11) 29. Rb7
Ne1+ $3 $19) 28... Na2 29. Rb2 Nc3 30. Qd2 Qxf3+ 31. Kh2 $13) 28. Rg1 Kh7 29.
Qd1 (29. Rb7 $2 Qa6) 29... Qa6 30. Rxc5 Nxd3 (30... Rg6+ $2 31. Kh1 Nxd3 32.
Rc2 Rxg1+ 33. Qxg1) 31. Rc2 Nf4+ 32. Kh2 Qd6 33. Rg4 $1 $11 {After a series of
forced moves we ended up in a dynamic equality.} d3 34. Rd2 Qe5 $5 (34... Ne2+
35. Rg3 Rxf3 36. Rxe2 Rxg3 37. fxg3 dxe2 38. Qxe2 $11) 35. Rg3 Qd6 36. Qa1 Rf7
37. Qc3 e5 38. Rg4 Rc7 39. Qb3 Rd7 40. Qb5 Rd8 41. Qa5 Rd7 42. Qb5 Rd8 43. Qa5
Rd7 44. Qb5 Rd8 {Before playing this I have written the move down and called
the arbiterfor the threefold repetition.Just like the day before Djuric who is
unable to keep the score down all his life tried to repeat his disgusting
behavior just like he did with Katia the day before.The day before they have
checked the moves.With me when arbiters came around he signed the scoresheets.}
1/2-1/2

[Event "EU-ch 4th"]
[Site "Istanbul"]
[Date "2003.06.05"]
[Round "6"]
[White "Kobalia, Mihail"]
[Black "Atalik, Suat"]
[Result "1-0"]
[WhiteElo "2639"]
[BlackElo "2568"]
[Annotator "Atalik,S"]
[PlyCount "117"]
[EventDate "2003.05.30"]
[EventType "swiss"]
[EventRounds "13"]
[EventCountry "TUR"]
[SourceTitle "CBM 096"]
[Source "ChessBase"]
[SourceDate "2003.09.25"]
[SourceVersion "1"]
[SourceVersionDate "2003.09.25"]
[SourceQuality "1"]

1. e4 e5 2. Nf3 Nc6 3. Bc4 Nf6 4. d3 {He goes for Guicio Piano.} Be7 5. O-O O-O
6. Bb3 d6 7. c3 Na5 {In the spirit of Ruy Lopez.} ({I have seen that once Ivan
did against weaker opposition.} 7... b5 8. a4 b4 $13) 8. Bc2 c5 9. Nbd2 {
Keeping the game closed at least for a while.} (9. d4 cxd4 (9... Qc7 $5) 10.
cxd4 Nc6) 9... Nc6 {This is what Predrag does. The knight does not have much
to do on a5.} 10. Re1 Re8 11. Nf1 h6 12. h3 (12. Ng3 Bf8 13. Nf5 $6 d5 $17)
12... Bf8 13. Ng3 {A typical position.} Be6 ({I can effort losing a move with.
} 13... Bd7 $5 14. Nh2 (14. d4 $6 cxd4 15. cxd4 exd4 16. Nxd4 d5 $1) 14... d5
15. Qf3 d4 16. Nf5 (16. Ng4 Nxg4 17. hxg4 g6 $13) 16... Be6 $13) 14. d4 $1 {
This is the idea.} cxd4 15. cxd4 exd4 16. Nxd4 Nxd4 17. Qxd4 Nd7 $5 {I was
heading into this because of some bullshit tactical move Qh4.} (17... Rc8 18.
Bd3 (18. Bb3 $6 Bxb3 19. axb3 d5 20. e5 Bc5 21. Qd3 Ne4 $36) 18... d5 19. e5
Nd7 20. Nf5 (20. Qxa7 $6 Nc5) 20... Qb6 21. Be3 Qxd4 22. Bxd4 Nc5 23. Bb1 $13)
18. Bf4 Rc8 19. Bb3 Nc5 20. Bd5 Qh4 {This is what I was basing my counterplay,
but objectively black is worse.} 21. Bd2 $1 {An exact move.} (21. Be3 $2 Bxd5
22. Qxd5 Nxe4 23. Nxe4 Qxe4 $15) 21... Be7 22. Bxe6 fxe6 23. Bc3 Bf6 24. Qe3 (
24. Qxd6 $4 Red8 $19) 24... Bxc3 25. Qxc3 Qf6 26. Qd2 $1 {White is taking over
the initiative by simple but strong moves.} ({Without queens black is not
afraid of anything.} 26. Qxf6 gxf6 27. Rad1 Red8 28. f4 Kf7 29. f5 e5 $11)
26... Red8 ({The knight does not do much damage on c3 square.} 26... Na4 $5 27.
b3 Nc3 28. Rac1 Red8 $14) 27. Rac1 a5 28. b3 b6 29. Rc4 $14 {Blacks pawns are
much weaker than whites. I have to wait for the right moment to push d6-d5.}
Rc7 30. Rd4 Rcd7 31. b4 $1 {Keeping the initiative.} axb4 32. Qxb4 Ra8 33. Rd2
Qd8 34. Rb1 Ra6 35. Qb5 Qc7 36. Rbd1 Rd8 37. Qe2 Ra4 38. Rd4 Rxd4 39. Rxd4 Qe7
40. Qd2 Rd7 41. Rb4 Qd8 42. Qe2 {That is all white could do.} d5 $1 {Here we
go!} 43. exd5 exd5 44. Rd4 {The pawn should be blocked.} Qf6 45. Qe8+ Kh7 46.
Qe3 Qg6 47. Kh2 Qb1 $5 {I started to lick my chops around here. I could have
just waited but this is not my style.} 48. a4 Rf7 49. Rg4 {White is ready to
throw everything on blacks king.} (49. Rxd5 Qa2 50. Rd2 Qxa4 $11) (49. Ne2 Qc2
$11) 49... Qc2 50. Qd4 Qd3 $2 $138 {50...Qf2 the amount of material left over
the board makes black close to equality.} ({I had to go on in defensive style.
} 50... Qxf2 $1 51. Rxg7+ Kh8 52. Rg4+ Qxd4 53. Rxd4 Kg7 54. Ne2 (54. Rxd5 Nxa4
55. Nf5+ Kg6 56. g4 $14) 54... Rd7 55. Nf4 (55. Nc3 Kf7) 55... Kf6 56. Rxd5 Ra7
57. Ne2 Rxa4 $14) 51. Qe5 $16 {Black's shield is about to be broken.} Ne4 $2 {
A blunder!} (51... Qa6 52. Qxd5 (52. Nh5 Qb7 53. Nf4 Nd7 $1 54. Qxd5 Qxd5 55.
Nxd5 Rxf2 $11) (52. Nf5 Qa7) 52... Qb7 53. Qa2 Rd7 $16) 52. Nh5 $2 $138 {
He also errs in time trouble.} (52. Qe6 Ra7 53. Qg6+ (53. Nxe4 dxe4 54. Qxb6
$18 {is a technically won position.}) 53... Kh8 54. Nf5 $2 Nf6 55. Rg3 Qc2 56.
Nxg7 Qxg6 57. Rxg6 Kh7 58. Rxf6 Kxg7 59. Rxb6 Rxa4 60. Rd6 Rd4 $18 {is another
position of that kind.}) 52... g5 $2 {The quality of the moves dropped down
drastically because of lack of time for both sides.} (52... Ng5 53. Rf4 $16 (
53. h4 $2 Qh3+ $1 54. gxh3 Nf3+ 55. Kg2 Nxe5 $15)) 53. f3 $2 {In mutual time
trouble he makes a crucial mistake.} ({Once again} 53. Qe6 Rxf2 54. Qd7+ Kg6
55. Qg7+ Kf5 56. Qf7+ Ke5 57. Rxe4+ $18) 53... Nd2 54. Nf6+ Kg6 $2 {This is
really stupid.I had to go for the exchange sac which is optically only way to
continue the fight.} (54... Rxf6 $3 55. Qxf6 Nf1+ 56. Kg1 Ne3 57. Qf7+ (57. Qd4
Qf1+ 58. Kh2 Qe1 $1 $11 {Black has set up a drawing mechanism.}) 57... Kh8 58.
Qe8+ Kh7 59. Qd7+ Kg6 60. Qc6+ $11) 55. Nxd5 Nxf3+ 56. gxf3 Rxf3 57. Nf4+ $18 {
I have missed that!} Rxf4 58. Qxf4 Qe2+ 59. Kg1 {White wins with an extra rook.
} 1-0